|
|
|
|
| LEADER |
01380nam a2200397 4500 |
| 001 |
DLU080064441 |
| 005 |
##20081226 |
| 040 |
# |
# |
|a DLU
|b vie
|
| 041 |
# |
# |
|a vie
|
| 044 |
# |
# |
|a vn
|
| 082 |
# |
# |
|a 335.434 6
|b Hoc
|
| 245 |
# |
# |
|a Học tập tấm gương đạo đức Bác Hồ /
|c Nguyễn Thị Tình, ... [và những người khác] sưu tầm, biên soạn.
|
| 250 |
# |
# |
|a In lần thứ hai, có chỉnh sửa
|
| 260 |
# |
# |
|a H. :
|b Thanh niên,
|c 2007.
|
| 300 |
# |
# |
|a 251 tr. ;
|c 21 cm.
|
| 490 |
# |
# |
|a Tủ sách Tuổi trẻ học tập và làm theo lời Bác
|
| 653 |
# |
# |
|a Đạo đức cách mạng
|
| 653 |
# |
# |
|a Tư tưởng Hồ Chí Minh
|
| 700 |
# |
# |
|a Chu Đức Tính,
|c Sưu tầm, biên soạn.
|
| 700 |
# |
# |
|a Lê Thị Liên,
|c Sưu tầm, biên soạn.
|
| 700 |
# |
# |
|a Nguyễn Tường Vân,
|c Sưu tầm, biên soạn.
|
| 700 |
# |
# |
|a Nguyễn Thị Minh Hương,
|c Sưu tầm, biên soạn.
|
| 700 |
# |
# |
|a Nguyễn Thị Tình,
|c Sưu tầm, biên soạn.
|
| 700 |
# |
# |
|a Nguyễn Thanh Nga,
|c Sưu tầm, biên soạn.
|
| 700 |
# |
# |
|a Phạm Thị Lai,
|c Sưu tầm, biên soạn.
|
| 700 |
# |
# |
|a Phạm Thu Hà,
|c Sưu tầm, biên soạn.
|
| 923 |
# |
# |
|a 20/2008
|
| 992 |
# |
# |
|a 35000
|
| 994 |
# |
# |
|a DLU
|
| 900 |
# |
# |
|a True
|
| 911 |
# |
# |
|a Đào Thị Thu Huyền
|
| 925 |
# |
# |
|a G
|
| 926 |
# |
# |
|a A
|
| 927 |
# |
# |
|a SH
|
| 980 |
# |
# |
|a Thư viện Trường Đại học Đà Lạt
|